ბათუმის შოთა რუსთაველის სახელმწიფო უნივერსიტეტის ბიბლიოთეკა

ლაპარაკობენ დაღუპული გმირები (ბიბ.ჩანაწერი № 50559)

000 -LEADER
fixed length control field 00938nam a2200229Ia 4500
001 - CONTROL NUMBER
control field 17509
003 - CONTROL NUMBER IDENTIFIER
control field GE_BSU
008 - FIXED-LENGTH DATA ELEMENTS--GENERAL INFORMATION
fixed length control field 181216s||||||||xx |||||||||||||| ||und||
040 ## - CATALOGING SOURCE
Transcribing agency GE_BSU
080 ## - UNIVERSAL DECIMAL CLASSIFICATION NUMBER
Universal Decimal Classification number 821.353.1-6
245 ## - TITLE STATEMENT
Title ლაპარაკობენ დაღუპული გმირები
245 ## - TITLE STATEMENT
Remainder of title წერილები ფრონტიდან;ქართველები დიდ სამამულო ომში
245 ## - TITLE STATEMENT
Statement of responsibility, etc. შემდგენელ-რედ.:არჩილ კოკილაშვილი;მხატვ.:თ.სამსონაძე
260 ## - PUBLICATION, DISTRIBUTION, ETC.
Place of publication, distribution, etc. თბილისი
260 ## - PUBLICATION, DISTRIBUTION, ETC.
Name of publisher, distributor, etc. ნაკადული
260 ## - PUBLICATION, DISTRIBUTION, ETC.
Date of publication, distribution, etc. 1965
300 ## - PHYSICAL DESCRIPTION
Extent 238გვ.;17სმ
300 ## - PHYSICAL DESCRIPTION
Accompanying material ილ.
653 ## - INDEX TERM--UNCONTROLLED
Uncontrolled term ქართველები დიდ სამამულო ომში
653 ## - INDEX TERM--UNCONTROLLED
Uncontrolled term წერილები ფრონტიდან
942 ## - ADDED ENTRY ELEMENTS (KOHA)
Koha item type წიგნი
ეგზემპლარები
Withdrawn status Lost status Damaged status Not for loan Date acquired Barcode Date last seen Price effective from Koha item type Public note
        2018-12-17 41351 2018-12-17 2018-12-17 წიგნი აგრარული ტექ.ფაკ.
        2018-12-17 41352 2018-12-17 2018-12-17 წიგნი აგრარული ტექ.ფაკ.
        2018-12-17 41353 2018-12-17 2018-12-17 წიგნი აგრარული ტექ.ფაკ.